000 00584nam a2200241 a 4500
001 nice12345678
003 IN_TiNIC
005 20260116012622.0
008 050524s1939 boma grp 000 0 eng
020 _a
_c110
082 0 0 _a297.822
_bDUM
100 _aDumasia, Naoroji
245 _aAga Khan and His Ancestors
260 _aBombay
_bTimes of India Press
_c1939
300 _a375p
500 _aincludes index and biblioraphy
505 2 _aAppendix
650 _aAga Khan-Biography
700 1 _aDumasia, Naoroji
902 _bSRC
942 _cBK
999 _c7694
_d7694